World of warcraft : kronika /

Hlavní autor: Metzen, Chris, 1973-
Korporativní autor: Brush Sauce Studio
Další autoři: Burns, Matt, Brooks, Robert, Forbeck, Matt, 1968-, Forbeck, Marty, Golden, Christie, 1963-, Bozonnet, Arthur, Dubard, Olivier, Eastburn, Cole, Lee, Peter C., Chen, Emily, Feng, Stanton, Horley, Alex, 1970-, Kenney, Roman, Lacroix, Joseph, 1974-, Lee, Stacey, Mandryk, Daryl, Park, Yewon, Scott, Dan, 1973-, Sevestre, Sean, Sevilla, Dan, Sporin, Ognjen, Taraky, Abe, Turovec, Konstantin, Wang, Wei, Wu, Bayard, Yoo, Byeongwoo, Kratochvíl, Tomáš, Komprdová, Zuzana
Jazyk: Čeština
Vydáno: [Praha] : Crew s.r.o. ve spolupráci s Fantom Print, 2016-2025
Vydání: První vydání v českém jazyce
Edice: Světové komiksy česky
Témata:
Fyzický popis: 4 svazky : ilustrace (převážně barevné) ; 31 cm
Odebírané svazky: 1-4
Language note: Český text
Knihy
Uloženo v:
LEADER 05380nam a2201141 ia4500
001 nkc20162812219
003 CZ PrNK
005 20250808132235.0
007 ta
008 160711m20162025xr a g f 001 0 cze
015 |a cnb002812219 
020 |a 978-80-7449-371-3  |q (svazek I ;  |q Crew ;  |q vázáno) 
020 |a 978-80-7398-354-3  |q (svazek I ;  |q Fantom Print ;  |q vázáno) 
020 |a 978-80-7449-447-5  |q (svazek II ;  |q Crew ;  |q vázáno) 
020 |a 978-80-7398-381-9  |q (svazek II ;  |q Fantom Print ;  |q vázáno) 
020 |a 978-80-7449-570-0  |q (svazek III ;  |q Crew ;  |q vázáno) 
020 |a 978-80-7594-011-7  |q (svazek III ;  |q Fantom Print ;  |q vázáno) 
020 |a 978-80-7679-659-1  |q (svazek IV ;  |q Crew ;  |q vázáno) 
035 |a (OCoLC)956490059 
040 |a BOA001  |b cze  |d ABA001  |e rda 
041 1 |a cze  |h eng 
072 7 |a 795  |x Elektronické hry  |2 Konspekt  |9 20 
080 |a 795  |2 MRF 
080 |a 793/795  |2 MRF 
080 |a 82-312.9:793.7  |2 MRF 
080 |a 82-052-021.171  |2 MRF 
080 |a 82.09(1-81)  |2 MRF 
080 |a (035)  |2 MRF 
080 |a (093.3)  |2 MRF 
100 1 |a Metzen, Chris,  |d 1973-  |7 xx0138851  |4 aut 
245 1 0 |a World of warcraft :  |b kronika /  |c napsali Chris Metzen, Matt Burns a Robert Brooks ; barevné ilustrace Peter C. Lee, další kresby Joseph Lacroix ; překlad Tomáš Kratochvíl a Zuzana "Bellatrix" Komprdová 
246 3 |a Kronika World of WarCraft 
250 |a První vydání v českém jazyce 
264 1 |a [Praha] :  |b Crew s.r.o. ve spolupráci s Fantom Print,  |c 2016-2025 
300 |a 4 svazky :  |b ilustrace (převážně barevné) ;  |c 31 cm 
336 |a text  |b txt  |2 rdacontent 
336 |a statický obraz  |b sti  |2 rdacontent 
337 |a bez média  |b n  |2 rdamedia 
338 |a svazek  |b nc  |2 rdacarrier 
490 1 |a Světové komiksy česky 
500 |a Přeloženo z angličtiny 
504 |a Obsahuje bibliografie a rejstříky 
505 0 |a Svazek I. 2016. 172 stran -- Svazek II / barevné ilustrace Emily Chen, Stanton Feng, Alex Horley, Peter C. Lee, Sean Sevestre, Abe Taraky, Wei Wang. 2017. 209 stran -- Svazek III / barevné ilustrace Arthur Bozonnet, Cole Eastburn, Stanton Feng, Roman Kenney, Peter C. Lee, Daryl Mandryk, Yewon Park, Dan Scott, Robert Sevilla, Abe Taraky, Konstantin Turovec, Bayard Wu, další kresby Joseph Lacroix. 2018. 230 stran -- Svazek IV / napsali Matt Burns, Matt Forbeck, Marty Forbeck a Christie Golden ; barevné ilustrace Olivier Dubard, Stacey Lee, Ognjen Sporin, Bayard Wu, Byeongwoo Yoo, Brush Sauce Studio ; další kresby Joseph Lacroix. 2025. 232 stran 
546 |a Český text 
630 0 7 |a World of Warcraft  |7 unn2013762657  |2 czenas 
650 0 7 |a počítačové hry  |7 ph124512  |2 czenas 
650 0 7 |a hry na hrdiny  |7 ph1266054  |2 czenas 
650 0 7 |a fantasy hry  |7 ph187559  |2 czenas 
650 0 7 |a fiktivní postavy  |7 ph120178  |2 czenas 
650 0 7 |a fiktivní místa  |7 ph249643  |2 czenas 
650 0 9 |a computer games  |2 eczenas 
650 0 9 |a role-playing games  |2 eczenas 
650 0 9 |a fantasy games  |2 eczenas 
650 0 9 |a fictitious characters  |2 eczenas 
650 0 9 |a imaginary places  |2 eczenas 
655 7 |a příručky  |7 fd133209  |2 czenas 
655 7 |a kroniky  |7 fd132684  |2 czenas 
655 9 |a handbooks and manuals  |2 eczenas 
655 9 |a chronicles  |2 eczenas 
700 1 |a Burns, Matt  |7 jo2016922990  |4 aut 
700 1 |a Brooks, Robert  |7 jo2016922989  |4 aut 
700 1 |a Forbeck, Matt,  |d 1968-  |7 jo2013744891  |4 aut 
700 1 |a Forbeck, Marty  |7 mzk20251266839  |4 aut 
700 1 |a Golden, Christie,  |d 1963-  |7 xx0019117  |4 aut 
700 1 |a Bozonnet, Arthur  |7 xx0226113  |4 ill 
700 1 |a Dubard, Olivier  |7 xx0333566  |4 ill 
700 1 |a Eastburn, Cole  |7 xx0226114  |4 ill 
700 1 |a Lee, Peter C.  |7 jo2016922988  |4 ill 
700 1 |a Chen, Emily  |7 jo20251267736  |4 ill 
700 1 |a Feng, Stanton  |7 xx0226310  |4 ill 
700 1 |a Horley, Alex,  |d 1970-  |7 xx0214420  |4 ill 
700 1 |a Kenney, Roman  |7 jo20251267740  |4 ill 
700 1 |a Lacroix, Joseph,  |d 1974-  |7 jo2016922987  |4 ill 
700 1 |a Lee, Stacey  |7 xx0250554  |4 ill 
700 1 |a Mandryk, Daryl  |7 xx0226347  |4 ill 
700 1 |a Park, Yewon  |7 xx0226505  |4 ill 
700 1 |a Scott, Dan,  |d 1973-  |7 xx0226276  |4 ill 
700 1 |a Sevestre, Sean  |7 xx0226280  |4 ill 
700 1 |a Sevilla, Dan  |4 ill 
700 1 |a Sporin, Ognjen  |7 xx0333561  |4 ill 
700 1 |a Taraky, Abe  |7 xx0226307  |4 ill 
700 1 |a Turovec, Konstantin  |7 xx0226278  |4 ill 
700 1 |a Wang, Wei  |7 xx0226309  |4 ill 
700 1 |a Wu, Bayard  |7 xx0226279  |4 ill 
700 1 |a Yoo, Byeongwoo  |7 xx0333562  |4 ill 
700 1 |a Kratochvíl, Tomáš  |7 ola2016901178  |4 trl 
700 1 |a Komprdová, Zuzana  |7 jo2016922995  |4 trl 
710 2 |a Brush Sauce Studio  |7 ko20251267666  |4 ill 
830 0 |a Světové komiksy česky  |0 s 
910 2 |a BOA001  |b 4-1370.753  |s 1-4 
928 9 |a Fantom Print 
990 |a BK 
995 |a 01 
991 |b 202507  |c NOV 
996 6 |b 2610675938  |c 4-1370.753  |d 1. díl  |v 1  |l MZK  |r Sklad / do 1 hodiny  |n 3  |p p.v.  |w 001569226  |u 000010  |a 1  |e BOA001  |j MZK50  |s P 
996 6 |b 2610715206  |c 4-1370.753  |d 2. díl  |v 2  |l MZK  |r Sklad / do 1 hodiny  |n 0  |p p.v.  |w 001569226  |u 000020  |a 1  |e BOA001  |j MZK50  |s P 
996 6 |b 2610747800  |c 4-1370.753  |d 3. díl  |v 3  |l MZK  |r Sklad / do 1 hodiny  |n 0  |p p.v.  |w 001569226  |u 000030  |a 1  |e BOA001  |j MZK50  |s P 
996 6 |b 2611008035  |c 4-1370.753  |d 4. díl  |v 4  |l MZK  |r Sklad / do 1 hodiny  |n 0  |p p.v.  |w 001569226  |u 000040  |a 1  |e BOA001  |j MZK50  |s P